[Event "Mundial Juvenil 2005 s10"]
[Site "Belfort FRA"]
[Date "2005.07.26"]
[Round "7.10"]
[White "Abasov, Nijat Azad"]
[Black "Fu, Xiaoyong"]
[Result "0-1"]
[WhiteElo "2210"]
[BlackElo "1599"]
[PlyCount "107"]
[EventDate "2005.07.19"]
[EventType "swiss"]
[EventRounds "11"]
[EventCountry "FRA"]
[Source "lmi"]
[SourceDate "2005.07.31"]

1. c4 e5 2. Nc3 Nf6 3. g3 d5 4. cxd5 Nxd5 5. Bg2 c6 6. Nf3 Bd6 7. O-O O-O 8. e4
Nxc3 9. bxc3 Bg4 10. d4 Nd7 11. h3 Bxf3 12. Bxf3 Kh8 13. Rb1 Qc7 14. Bg2 Rad8
15. f4 f6 16. Qb3 b6 17. Be3 Rde8 18. Rbd1 Rd8 19. Qc2 a5 20. Qe2 b5 21. Kh1 b4
22. cxb4 axb4 23. dxe5 fxe5 24. f5 c5 25. g4 c4 26. g5 Be7 27. Qh5 Kg8 28. f6
Bxf6 29. gxf6 Nxf6 30. Qe2 c3 31. Qc2 Qc4 32. Qb3 Qxb3 33. axb3 Rc8 34. Rc1
Rfd8 35. Bg5 Rd3 36. Rc2 Rd7 37. Ra1 Rc5 38. Rb1 Rcc7 39. Bf1 Rd4 40. Bc4+ Kh8
41. Ra1 h6 42. Be3 Rd8 43. Bc5 Rxc5 44. Ra4 Rb8 45. Bd5 Rcc8 46. Kg2 Rf8 47.
Kf2 Rfc8 48. Rca2 Rb5 49. Ra8 Rxa8 50. Bxa8 Rc5 51. Rc2 Kh7 52. Kf3 Kg6 53. Bd5
Kg5 54. Kg3 0-1

[Event "Mundial Juvenil 2005 s10"]
[Site "Belfort FRA"]
[Date "2005.07.26"]
[Round "7.11"]
[White "Gonzalez Meneses, Kevin Moises"]
[Black "Cori, Jorge"]
[Result "1/2-1/2"]
[WhiteElo "1599"]
[BlackElo "2080"]
[PlyCount "63"]
[EventDate "2005.07.19"]
[EventType "swiss"]
[EventRounds "11"]
[EventCountry "FRA"]
[Source "lmi"]
[SourceDate "2005.07.31"]

1. e4 c5 2. Nf3 d6 3. d4 cxd4 4. Nxd4 Nf6 5. Nc3 a6 6. a4 Nc6 7. Be2 e6 8. Be3
Be7 9. O-O O-O 10. Nb3 b6 11. f4 Qc7 12. Bf3 Rb8 13. Nd4 Na5 14. Be2 Nc4 15.
Bxc4 Qxc4 16. Qd3 Qxd3 17. cxd3 Bd7 18. h3 Rfc8 19. f5 e5 20. Nf3 Bd8 21. Rfd1
b5 22. axb5 axb5 23. Rdc1 b4 24. Ne2 Bb5 25. Rxc8 Rxc8 26. Rc1 Ra8 27. Ne1 Nd7
28. Kf2 Kf8 29. Rc2 Ra1 30. Rc1 Ra2 31. Rc2 b3 32. Rd2 1/2-1/2

[Event "Mundial Juvenil 2005 s10"]
[Site "Belfort FRA"]
[Date "2005.07.26"]
[Round "7.13"]
[White "Khosla, Shiven"]
[Black "Ismailov, Mukhit"]
[Result "1-0"]
[WhiteElo "1832"]
[BlackElo "1599"]
[PlyCount "120"]
[EventDate "2005.07.19"]
[EventType "swiss"]
[EventRounds "11"]
[EventCountry "FRA"]
[Source "lmi"]
[SourceDate "2005.07.31"]

1. e4 c5 2. Nc3 d6 3. f4 Nf6 4. Bc4 e6 5. Nf3 Be7 6. O-O a6 7. a4 Nc6 8. Qe1
Qc7 9. d3 Nb4 10. Bb3 Rb8 11. Na2 Nxa2 12. Bxa2 O-O 13. e5 Nd7 14. Qg3 Rd8 15.
f5 d5 16. f6 Nxf6 17. exf6 Qxg3 18. hxg3 Bxf6 19. g4 Bd7 20. g5 Be7 21. Bb3 b5
22. axb5 Bxb5 23. Ba4 c4 24. Bxb5 axb5 25. Be3 Ra8 26. Nd4 Bc5 27. Bf2 Bxd4 28.
Bxd4 b4 29. dxc4 dxc4 30. Bc5 b3 31. cxb3 cxb3 32. Be7 Re8 33. Rxa8 Rxa8 34.
Rf3 Rb8 35. Rc3 h6 36. gxh6 gxh6 37. Rg3+ Kh7 38. Bf6 h5 39. Rg7+ Kh6 40. Rxf7
Kg6 41. Be5 Rb5 42. Rf6+ Kg5 43. Rxe6 Kf5 44. Rh6 Rxe5 45. Rxh5+ Ke4 46. Rxe5+
Kxe5 47. Kf2 Kf4 48. Ke2 Kg3 49. Kd3 Kxg2 50. Kc3 Kf3 51. Kxb3 Ke4 52. Kc4 Ke5
53. Kc5 Ke6 54. Kc6 Ke7 55. b4 Kd8 56. b5 Kc8 57. b6 Kb8 58. b7 Ka7 59. Kc7 Ka6
60. b8=Q Ka5 1-0

[Event "Mundial Juvenil 2005 s10"]
[Site "Belfort FRA"]
[Date "2005.07.26"]
[Round "7.15"]
[White "Beradze, Irakli"]
[Black "Laurusas, Tomas"]
[Result "0-1"]
[WhiteElo "1599"]
[BlackElo "1599"]
[PlyCount "46"]
[EventDate "2005.07.19"]
[EventType "swiss"]
[EventRounds "11"]
[EventCountry "FRA"]
[Source "lmi"]
[SourceDate "2005.07.31"]

1. e4 c6 2. d4 d5 3. exd5 cxd5 4. c4 Nf6 5. Nc3 g6 6. Qb3 Bg7 7. cxd5 O-O 8.
Be2 Nbd7 9. Bf3 Nb6 10. Nge2 Bg4 11. Bxg4 Nxg4 12. a4 a5 13. O-O Nf6 14. Nf4
Qd6 15. Rd1 Rfd8 16. Nb5 Qb4 17. Qa2 Ne4 18. Be3 Qc4 19. b3 Qc8 20. Rac1 Qf5
21. Nc7 g5 22. Nh5 Nxd5 23. Nxg7 Kxg7 0-1

[Event "Mundial Juvenil 2005 s10"]
[Site "Belfort FRA"]
[Date "2005.07.26"]
[Round "7.16"]
[White "Biazliudau, Stanislau"]
[Black "Wared Altarboush"]
[Result "0-1"]
[WhiteElo "1599"]
[BlackElo "1599"]
[PlyCount "29"]
[EventDate "2005.07.19"]
[EventType "swiss"]
[EventRounds "11"]
[EventCountry "FRA"]
[Source "lmi"]
[SourceDate "2005.07.31"]

1. e4 e6 2. d4 d5 3. exd5 exd5 4. Nf3 Nf6 5. Be2 h6 6. O-O Bd6 7. c4 c6 8. Nc3
O-O 9. cxd5 Nxd5 10. Nxd5 cxd5 11. Be3 Nc6 12. Rc1 Bf5 13. Kh1 Qb6 14. Qd2 Bb4
15. Qd1 0-1

[Event "Mundial Juvenil 2005 s10"]
[Site "Belfort FRA"]
[Date "2005.07.26"]
[Round "7.19"]
[White "Cabanes, Kim"]
[Black "Kafetzis, Georgies"]
[Result "1-0"]
[WhiteElo "1599"]
[BlackElo "1599"]
[PlyCount "79"]
[EventDate "2005.07.19"]
[EventType "swiss"]
[EventRounds "11"]
[EventCountry "FRA"]
[Source "lmi"]
[SourceDate "2005.07.31"]

1. e4 c5 2. Nf3 e6 3. d4 cxd4 4. Nxd4 Nf6 5. Bd3 Nc6 6. Nxc6 bxc6 7. O-O Bc5 8.
e5 Nd5 9. Qg4 Bf8 10. c4 Nb4 11. Be4 d5 12. a3 Qa5 13. Bf3 Nd3 14. Bd2 Qb6 15.
Bc3 Nxb2 16. Nd2 Nd3 17. Be2 Nc5 18. Rab1 Qc7 19. Kh1 g6 20. f4 Bg7 21. Rf3 Nd7
22. Bb4 c5 23. Bc3 d4 24. Bb2 Bb7 25. Rb3 O-O 26. Bf3 Nb6 27. Bxb7 Qxb7 28.
Bxd4 Rfd8 29. Be3 Qa6 30. Ne4 Qxc4 31. Nf6+ Kh8 32. Qh4 h6 33. h3 Nd5 34. Bf2
Nxf6 35. exf6 Bf8 36. Rb7 Kg8 37. Qg3 Bd6 38. Be3 g5 39. Qg4 Bxf4 40. Qh5 1-0

[Event "Mundial Juvenil 2005 s10"]
[Site "Belfort FRA"]
[Date "2005.07.26"]
[Round "7.20"]
[White "Cao, Jiajie"]
[Black "Kaminski, Thomas"]
[Result "1-0"]
[WhiteElo "1599"]
[BlackElo "1599"]
[PlyCount "109"]
[EventDate "2005.07.19"]
[EventType "swiss"]
[EventRounds "11"]
[EventCountry "FRA"]
[Source "lmi"]
[SourceDate "2005.07.31"]

1. e4 e5 2. Nf3 Nc6 3. d4 exd4 4. Nxd4 Nf6 5. Nc3 Bc5 6. Be3 Qe7 7. Nf5 Qf8 8.
Nxg7+ Kd8 9. Bxc5 Qxc5 10. Qf3 Qe5 11. Qf5 Qxf5 12. Nxf5 d5 13. O-O-O Bxf5 14.
exf5 Ne7 15. Nxd5 Nfxd5 16. f6 c6 17. fxe7+ Kxe7 18. Bc4 Nb6 19. Rhe1+ Kf8 20.
Bb3 Rg8 21. g3 Rg6 22. a4 Rg5 23. Re4 Re8 24. Rf4 Re7 25. h4 Rge5 26. Rd8+ Kg7
27. Rg4+ Kh6 28. Kb1 Nd7 29. Rd4 Nf6 30. Rf4 Kg7 31. g4 h6 32. f3 Nd7 33. Rxf7+
Rxf7 34. Bxf7 Nc5 35. Bh5 Re3 36. g5 hxg5 37. hxg5 Re5 38. f4 Rf5 39. Rd4 Ne6
40. Rd7+ Kf8 41. Bg4 Ke8 42. Bxf5 Kxd7 43. Bxe6+ Kxe6 44. Kc1 b5 45. axb5 cxb5
46. Kd2 Kf5 47. Kc3 a5 48. Kb3 Ke6 49. g6 Kf6 50. f5 Ke7 51. c4 b4 52. Ka4 Kf6
53. Kb5 b3 54. c5 Ke7 55. c6 1-0

[Event "Mundial Juvenil 2005 s10"]
[Site "Belfort FRA"]
[Date "2005.07.27"]
[Round "8.2"]
[White "Bukavshin, Ivan"]
[Black "Ton-That, Nicolas"]
[Result "1-0"]
[WhiteElo "2029"]
[BlackElo "1599"]
[PlyCount "61"]
[EventDate "2005.07.19"]
[EventType "swiss"]
[EventRounds "11"]
[EventCountry "FRA"]
[Source "lmi"]
[SourceDate "2005.07.31"]

1. e4 c5 2. Nf3 Nc6 3. d4 cxd4 4. Nxd4 g6 5. g3 Bg7 6. Ne2 Nf6 7. Bg2 d6 8. O-O
O-O 9. Nbc3 Qc7 10. h3 Bd7 11. Be3 Na5 12. b3 b5 13. a3 Rac8 14. Qd2 a6 15.
Rac1 Bc6 16. f4 Rfd8 17. g4 d5 18. e5 Ne4 19. Nxe4 dxe4 20. Qb4 f6 21. Bxe4 e6
22. Ng3 fxe5 23. f5 exf5 24. gxf5 Bf8 25. Qe1 Bxe4 26. Nxe4 gxf5 27. Rxf5 Be7
28. Kh2 Kh8 29. Ng5 Bxg5 30. Bxg5 e4+ 31. Bf4 1-0

[Event "Mundial Juvenil 2005 s10"]
[Site "Belfort FRA"]
[Date "2005.07.27"]
[Round "8.3"]
[White "Bajarani, Ulvi"]
[Black "Vakhidov, Jakhongir"]
[Result "1-0"]
[WhiteElo "1599"]
[BlackElo "1599"]
[PlyCount "59"]
[EventDate "2005.07.19"]
[EventType "swiss"]
[EventRounds "11"]
[EventCountry "FRA"]
[Source "lmi"]
[SourceDate "2005.07.31"]

1. e4 c5 2. d4 cxd4 3. c3 dxc3 4. Nxc3 d6 5. Nf3 e6 6. Bc4 Be7 7. O-O Nf6 8.
Qe2 O-O 9. Rd1 a6 10. a3 Qc7 11. h3 b5 12. Bb3 Bb7 13. Bf4 Nbd7 14. Rac1 e5 15.
Bg5 Qb6 16. Ba2 Rfe8 17. b4 h6 18. Be3 Qd8 19. Nh4 Nxe4 20. Qh5 Rf8 21. Bxh6
Bxh4 22. Nxe4 Bxe4 23. Rxd6 Nf6 24. Qxe5 Qe8 25. Qf4 Rd8 26. Rxa6 gxh6 27. Qxh4
Nh7 28. Re1 Rd4 29. f3 Qc8 30. Qg3+ 1-0

[Event "Mundial Juvenil 2005 s10"]
[Site "Belfort FRA"]
[Date "2005.07.27"]
[Round "8.4"]
[White "Valizadeh, Ali"]
[Black "Nikologorskiy, Konstantin"]
[Result "1/2-1/2"]
[WhiteElo "1599"]
[BlackElo "1599"]
[PlyCount "71"]
[EventDate "2005.07.19"]
[EventType "swiss"]
[EventRounds "11"]
[EventCountry "FRA"]
[Source "lmi"]
[SourceDate "2005.07.31"]

1. d4 d5 2. c4 c6 3. Nc3 Nf6 4. Nf3 a6 5. a4 e6 6. e3 Be7 7. Be2 dxc4 8. Bxc4
O-O 9. O-O Nbd7 10. e4 Qc7 11. Bg5 h6 12. Bh4 Qd8 13. Rc1 Re8 14. Re1 Nb6 15.
Bb3 Bd7 16. Qc2 Rc8 17. e5 Nfd5 18. Bxe7 Qxe7 19. Ne4 Rc7 20. Nd6 Rd8 21. Nd2
Qg5 22. N2e4 Qg4 23. f3 Qf4 24. Qf2 h5 25. g3 Qh6 26. Nc5 Bc8 27. a5 Nd7 28. f4
Nxc5 29. dxc5 h4 30. Kg2 h3+ 31. Kg1 g5 32. fxg5 Qxg5 33. Rc4 f5 34. exf6 Nxf6
35. Rf4 Nd5 36. Rg4 1/2-1/2

[Event "Mundial Juvenil 2005 s10"]
[Site "Belfort FRA"]
[Date "2005.07.27"]
[Round "8.5"]
[White "Lapidus, Mark"]
[Black "Fernandez, Daniel Howard"]
[Result "1-0"]
[WhiteElo "1599"]
[BlackElo "1871"]
[PlyCount "104"]
[EventDate "2005.07.19"]
[EventType "swiss"]
[EventRounds "11"]
[EventCountry "FRA"]
[Source "lmi"]
[SourceDate "2005.07.31"]

1. e4 c5 2. Nf3 d6 3. d4 cxd4 4. Nxd4 Nf6 5. Nc3 a6 6. Be2 e5 7. Nf3 Be6 8. O-O
Be7 9. h3 Nbd7 10. Be3 b5 11. Qd2 O-O 12. a3 Rc8 13. Rfd1 Rc7 14. a4 b4 15. Nd5
Bxd5 16. exd5 a5 17. Bb5 Ne4 18. Qe2 Ndc5 19. Nd2 Nxd2 20. Rxd2 Qb8 21. Rdd1 f5
22. f4 Ne4 23. Bd3 Ng3 24. Qe1 Bh4 25. fxe5 f4 26. Bf2 Re7 27. e6 Rf6 28. Qd2
f3 29. Qe1 g5 30. Rd2 Ne2+ 31. Bxe2 fxe2 32. Rxe2 Rxf2 33. Rxf2 Qb6 34. Qe2 Qd4
35. Raf1 Bxf2+ 36. Qxf2 Qg7 37. Qb6 Re8 38. Qc6 Rf8 39. Rxf8+ Qxf8 40. Qd7 Qf4
41. Qa7 Qc1+ 42. Kf2 Qd2+ 43. Kf3 Qd1+ 44. Kg3 Qe1+ 45. Qf2 Qe5+ 46. Kg4 Qe4+
47. Kxg5 Qxd5+ 48. Kf6 Kf8 49. Qf5 Qb7 50. Kg5+ Kg8 51. g4 Qa7 52. Kh5 Qc7 1-0

[Event "Mundial Juvenil 2005 s10"]
[Site "Belfort FRA"]
[Date "2005.07.27"]
[Round "8.6"]
[White "Dragun, Kamil"]
[Black "Yeap, Eng Chiam"]
[Result "0-1"]
[WhiteElo "1844"]
[BlackElo "1599"]
[PlyCount "134"]
[EventDate "2005.07.19"]
[EventType "swiss"]
[EventRounds "11"]
[EventCountry "FRA"]
[Source "lmi"]
[SourceDate "2005.07.31"]

1. e4 c5 2. Nf3 Nc6 3. d4 cxd4 4. Nxd4 Nf6 5. Nc3 g6 6. Nxc6 bxc6 7. e5 Ng8 8.
Bc4 Bg7 9. Qf3 e6 10. Bf4 Ne7 11. O-O O-O 12. Rfe1 Rb8 13. Rad1 Nd5 14. Nxd5
cxd5 15. Bb3 Bb7 16. Qe3 a5 17. Bh6 Bc6 18. Bxg7 Kxg7 19. a4 Rb4 20. Rd4 Qb6
21. Red1 Rb8 22. h4 Rxb3 23. cxb3 Qxb3 24. Qxb3 Rxb3 25. R1d2 Kf8 26. Kf1 Ke7
27. Ke1 d6 28. f4 h6 29. Re2 Kd7 30. Kd1 Rg3 31. h5 gxh5 32. Kc1 Rg4 33. Red2
h4 34. exd6 Kxd6 35. b4 axb4 36. Rxb4 Kc5 37. Rb8 Bxa4 38. f5 exf5 39. Rf8 Rg7
40. Rh8 Rg6 41. Rf8 Rf6 42. Rc8+ Kd6 43. Rd4 Bd7 44. Ra8 f4 45. Ra6+ Bc6 46.
Rd3 Ke5 47. Ra5 Rg6 48. Rd2 Rg3 49. Ra6 Rc3+ 50. Kb2 Rc4 51. Ra7 Kf6 52. Rf2
Ke6 53. Re2+ Re4 54. Rf2 Bd7 55. Ra6+ Kf5 56. Rxh6 Kg4 57. Rd2 Be6 58. Rh7 Re5
59. Kc1 Re1+ 60. Kb2 Kg3 61. Rg7+ Bg4 62. Kc3 f5 63. Rxd5 Kxg2 64. Rxf5 Kf3 65.
Rf6 Bh3 66. Rh7 Kg3 67. Kd4 f3 0-1

[Event "Mundial Juvenil 2005 s10"]
[Site "Belfort FRA"]
[Date "2005.07.27"]
[Round "8.7"]
[White "Laurusas, Tomas"]
[Black "Khosla, Shiven"]
[Result "1-0"]
[WhiteElo "1599"]
[BlackElo "1832"]
[PlyCount "94"]
[EventDate "2005.07.19"]
[EventType "swiss"]
[EventRounds "11"]
[EventCountry "FRA"]
[Source "lmi"]
[SourceDate "2005.07.31"]

1. e4 c5 2. c3 d6 3. d4 Nf6 4. Bd3 Nc6 5. Ne2 g6 6. f4 Bg7 7. h3 O-O 8. O-O
cxd4 9. cxd4 Qb6 10. Bc2 e5 11. Kh1 exd4 12. Nd2 Re8 13. Ng3 Bd7 14. Nc4 Qc7
15. f5 Ne5 16. Na3 Nc4 17. Nxc4 Qxc4 18. Bd3 Qb4 19. a3 Qb6 20. Bg5 d5 21. fxg6
hxg6 22. Bxf6 Bxf6 23. Qf3 Kg7 24. Rf2 Re7 25. exd5 Re3 26. Qf4 Rxd3 27. Raf1
Rf8 28. h4 Bxh4 29. Qxh4 Be8 30. Qg4 Rh8+ 31. Kg1 Qc7 32. d6 Qb8 33. d7 Qxg3
34. Qxg3 Rxg3 35. d8=Q d3 36. Rxf7+ Bxf7 37. Rxf7+ Kxf7 38. Qxh8 Rg5 39. Qd8 d2
40. Qd7+ Kf6 41. Qd4+ Re5 42. Qxa7 b5 43. Qd4 Ke6 44. Qg4+ Kf6 45. a4 Re1+ 46.
Kf2 Re5 47. b4 Re4 1-0

[Event "Mundial Juvenil 2005 s10"]
[Site "Belfort FRA"]
[Date "2005.07.27"]
[Round "8.8"]
[White "Wared Altarboush"]
[Black "Diloyan, Ara"]
[Result "1-0"]
[WhiteElo "1599"]
[BlackElo "1599"]
[PlyCount "55"]
[EventDate "2005.07.19"]
[EventType "swiss"]
[EventRounds "11"]
[EventCountry "FRA"]
[Source "lmi"]
[SourceDate "2005.07.31"]

1. e4 c5 2. Nf3 d6 3. Bb5+ Bd7 4. Bxd7+ Nxd7 5. O-O Ngf6 6. Re1 g6 7. c3 Bg7 8.
d4 cxd4 9. cxd4 O-O 10. Nc3 e5 11. Nb5 Qb6 12. Nxd6 Qxd6 13. dxe5 Qxd1 14. Rxd1
Nxe5 15. Nxe5 Nxe4 16. Nf3 Rfd8 17. Re1 Nc5 18. Bg5 Rd6 19. Be3 Nd3 20. Re2
Nxb2 21. Rb1 Rad8 22. Rc2 b6 23. Rc7 Rd1+ 24. Rxd1 Nxd1 25. Bd2 Bf8 26. Rxa7
Bc5 27. Be1 Re8 28. g3 1-0

[Event "Mundial Juvenil 2005 s10"]
[Site "Belfort FRA"]
[Date "2005.07.27"]
[Round "8.9"]
[White "Fu, Xiaoyong"]
[Black "Wang, Andew"]
[Result "1-0"]
[WhiteElo "1599"]
[BlackElo "1599"]
[PlyCount "69"]
[EventDate "2005.07.19"]
[EventType "swiss"]
[EventRounds "11"]
[EventCountry "FRA"]
[Source "lmi"]
[SourceDate "2005.07.31"]

1. e4 c5 2. Nf3 g6 3. d4 cxd4 4. Nxd4 Nc6 5. Nc3 Bg7 6. Be3 Nf6 7. Bd3 d5 8.
Bb5 Bd7 9. exd5 Nb4 10. Bc4 Rc8 11. Bb3 O-O 12. O-O Ng4 13. Qd2 Nxe3 14. Qxe3
Qe8 15. Rfe1 Bf6 16. Ne4 Bxd4 17. Qxd4 Nxc2 18. Bxc2 Rxc2 19. Nf6+ exf6 20.
Rxe8 Rxe8 21. Qxf6 Ree2 22. d6 Rcd2 23. h3 Re6 24. Qd8+ Be8 25. Qb8 Rdxd6 26.
Rc1 Kg7 27. Rc8 Bc6 28. Rg8+ Kf6 29. Qxa7 Re5 30. Qb8 Rd4 31. Rd8 Rde4 32. Rd1
Rg5 33. Qd8+ Kf5 34. g4+ Kf4 35. Qf6+ 1-0

[Event "Mundial Juvenil 2005 s10"]
[Site "Belfort FRA"]
[Date "2005.07.27"]
[Round "8.11"]
[White "Cori, Jorge"]
[Black "Loiseau, Quentin"]
[Result "1-0"]
[WhiteElo "2080"]
[BlackElo "1599"]
[PlyCount "67"]
[EventDate "2005.07.19"]
[EventType "swiss"]
[EventRounds "11"]
[EventCountry "FRA"]
[Source "lmi"]
[SourceDate "2005.07.31"]

1. e4 c5 2. Nf3 Nc6 3. d4 cxd4 4. Nxd4 Nf6 5. Nc3 e5 6. Ndb5 d6 7. Bg5 a6 8.
Na3 b5 9. Nd5 Qa5+ 10. Bd2 Qd8 11. Bg5 Qa5+ 12. Bd2 Qd8 13. Nxf6+ gxf6 14. c4
f5 15. cxb5 Nd4 16. Bc4 fxe4 17. Bd5 Rb8 18. Bc3 Nxb5 19. Nxb5 axb5 20. Qh5 Qf6
21. O-O Qg6 22. Qe2 Bg4 23. Bc6+ Bd7 24. Bxe4 f5 25. Bd5 Bg7 26. Rfd1 Be6 27.
Bc6+ Bd7 28. Bd5 Be6 29. Bb4 Bf8 30. Bc6+ Bd7 31. Bxd7+ Kxd7 32. Qxe5 Rg8 33.
Qd5 Rg7 34. Rac1 1-0

[Event "Mundial Juvenil 2005 s10"]
[Site "Belfort FRA"]
[Date "2005.07.27"]
[Round "8.12"]
[White "Sanchez Ibern, Marc"]
[Black "Martinez, Martin"]
[Result "1-0"]
[WhiteElo "1914"]
[BlackElo "1599"]
[PlyCount "51"]
[EventDate "2005.07.19"]
[EventType "swiss"]
[EventRounds "11"]
[EventCountry "FRA"]
[Source "lmi"]
[SourceDate "2005.07.31"]

1. e4 c5 2. Nc3 d6 3. g3 Nc6 4. Bg2 e5 5. d3 Be6 6. f4 exf4 7. Bxf4 Nge7 8. Qd2
a6 9. Nf3 h6 10. O-O Qd7 11. Rfe1 g5 12. Be3 Ng6 13. Rf1 g4 14. Ne1 Nce5 15. a3
h5 16. Ne2 h4 17. c3 h3 18. Bh1 Qb5 19. Nf4 O-O-O 20. b4 b6 21. c4 Qc6 22. Nc2
Nxf4 23. Bxf4 b5 24. cxb5 axb5 25. Rfc1 Qb6 26. Be3 1-0

[Event "Mundial Juvenil 2005 s10"]
[Site "Belfort FRA"]
[Date "2005.07.27"]
[Round "8.13"]
[White "Vasile, Claudiu Daniel"]
[Black "Meneses Gonzalez, Kevin Moises"]
[Result "1-0"]
[WhiteElo "1694"]
[BlackElo "1599"]
[PlyCount "51"]
[EventDate "2005.07.19"]
[EventType "swiss"]
[EventRounds "11"]
[EventCountry "FRA"]
[Source "lmi"]
[SourceDate "2005.07.31"]

1. e4 c5 2. Nf3 Nc6 3. d4 cxd4 4. Nxd4 Nf6 5. Nc3 d6 6. Be2 e6 7. Be3 Be7 8.
O-O O-O 9. f4 a6 10. Qe1 Qc7 11. Qg3 Kh8 12. Rad1 b5 13. a3 Bb7 14. Bd3 Rac8
15. Qh3 Na5 16. e5 dxe5 17. fxe5 Qxe5 18. Rxf6 gxf6 19. Rf1 Bc5 20. Nce2 Nc6
21. c3 Ne7 22. Bf2 Rcd8 23. Bh4 Kg8 24. Bxf6 Qd5 25. Nf4 Bxd4+ 26. cxd4 1-0

[Event "Mundial Juvenil 2005 s10"]
[Site "Belfort FRA"]
[Date "2005.07.27"]
[Round "8.14"]
[White "Ostovic, Matija"]
[Black "Alcaraz Ortega, Javier"]
[Result "1-0"]
[WhiteElo "1599"]
[BlackElo "1599"]
[PlyCount "111"]
[EventDate "2005.07.19"]
[EventType "swiss"]
[EventRounds "11"]
[EventCountry "FRA"]
[Source "lmi"]
[SourceDate "2005.07.31"]

1. e4 d5 2. exd5 Qxd5 3. Nc3 Qa5 4. d4 Nf6 5. Nf3 c6 6. Bc4 Bg4 7. h3 Bxf3 8.
Qxf3 e6 9. Bd2 Qc7 10. O-O-O Nbd7 11. g4 Nb6 12. Bb3 O-O-O 13. Bg5 Be7 14. Rhe1
Nfd5 15. Bxe7 Qxe7 16. Ne4 Qc7 17. c4 Qf4+ 18. Qxf4 Nxf4 19. c5 Nbd5 20. Nd6+
Rxd6 21. cxd6 Nxh3 22. Bxd5 cxd5 23. Re2 Kd7 24. Kd2 Kxd6 25. Ke3 Ng5 26. Rc2
Rd8 27. Rdc1 Rd7 28. Rc8 Ne4 29. Rg8 g6 30. Rg7 Nf6 31. g5 Ne4 32. f4 f6 33.
Rxd7+ Kxd7 34. Rh1 fxg5 35. Rxh7+ Kc6 36. fxg5 Nxg5 37. Rg7 Ne4 38. Rxg6 Kd6
39. Rg7 Kc6 40. Re7 Ng5 41. Kf4 Nh3+ 42. Ke5 a6 43. Rxe6+ Kc7 44. Kxd5 Nf4+ 45.
Ke5 Nd3+ 46. Kf6 Nxb2 47. d5 Nd3 48. Ke7 Nc5 49. d6+ Kc8 50. Rh6 b5 51. Rh8+
Kb7 52. d7 Nxd7 53. Kxd7 Kb6 54. Rh6+ Kb7 55. Rc6 a5 56. Kd6 1-0

[Event "Mundial Juvenil 2005 s10"]
[Site "Belfort FRA"]
[Date "2005.07.27"]
[Round "8.15"]
[White "Whitfield, Craig"]
[Black "Amangeldiev, Gurbangeldi"]
[Result "1-0"]
[WhiteElo "1599"]
[BlackElo "1599"]
[PlyCount "81"]
[EventDate "2005.07.19"]
[EventType "swiss"]
[EventRounds "11"]
[EventCountry "FRA"]
[Source "lmi"]
[SourceDate "2005.07.31"]

1. e4 e5 2. Nf3 d6 3. d4 exd4 4. Nxd4 Be7 5. Nc3 Nf6 6. f4 O-O 7. Be2 Re8 8.
O-O c5 9. Nf3 Qb6 10. Kh1 Rd8 11. Qe1 Nc6 12. Bd3 Be6 13. a3 Qc7 14. b3 Nd7 15.
f5 Bf6 16. fxe6 fxe6 17. Rb1 Rf8 18. Nb5 Qb8 19. Bc4 Re8 20. Qd1 Nd4 21. Nbxd4
cxd4 22. Nxd4 Nf8 23. Bb2 Kh8 24. Qg4 d5 25. exd5 exd5 26. Bb5 Re4 27. Qd1 Rh4
28. Nf3 Rh6 29. Bxf6 gxf6 30. Qxd5 Qc7 31. Bc4 Ng6 32. Qf7 Qxf7 33. Bxf7 Kg7
34. Bxg6 Rxg6 35. Rbd1 Kh6 36. Rd5 Rc8 37. c4 Rcg8 38. Nh4 Rg5 39. Nf5+ Kh5 40.
Ng3+ Kh6 41. Rxf6+ 1-0

[Event "Mundial Juvenil 2005 s10"]
[Site "Belfort FRA"]
[Date "2005.07.27"]
[Round "8.16"]
[White "Srbis, Jurica"]
[Black "Cabanes, Kim"]
[Result "0-1"]
[WhiteElo "1599"]
[BlackElo "1599"]
[PlyCount "82"]
[EventDate "2005.07.19"]
[EventType "swiss"]
[EventRounds "11"]
[EventCountry "FRA"]
[Source "lmi"]
[SourceDate "2005.07.31"]

1. e4 c6 2. d4 d5 3. e5 c5 4. dxc5 e6 5. Be3 Nd7 6. Nf3 Qc7 7. Bd4 Bxc5 8. c3
Ne7 9. Bd3 Ng6 10. b4 Be7 11. Bxg6 hxg6 12. O-O O-O 13. Qd3 b6 14. Nbd2 a5 15.
Rfc1 Ba6 16. b5 Bb7 17. a4 Nc5 18. Qb1 g5 19. Nb3 Nd7 20. h3 Qd8 21. Ne1 f6 22.
exf6 Bxf6 23. Nf3 e5 24. Be3 Re8 25. Qg6 Nf8 26. Qh5 g6 27. Qh6 d4 28. cxd4
Bxf3 29. dxe5 Rxe5 30. gxf3 Bg7 31. Qxg7+ Kxg7 32. Bd4 Nd7 33. Re1 Qb8 34. Rxe5
Nxe5 35. Re1 Kf6 36. Nd2 Kf5 37. Rxe5+ Qxe5 38. Bxe5 Kxe5 39. Nc4+ Kd4 40. Ne3
Kc5 41. Kf1 Rd8 0-1

[Event "Mundial Juvenil 2005 s10"]
[Site "Belfort FRA"]
[Date "2005.07.27"]
[Round "8.18"]
[White "Qu, Ziyuan"]
[Black "Quintin Navarro, Alberto"]
[Result "1-0"]
[WhiteElo "2242"]
[BlackElo "1599"]
[PlyCount "169"]
[EventDate "2005.07.19"]
[EventType "swiss"]
[EventRounds "11"]
[EventCountry "FRA"]
[Source "lmi"]
[SourceDate "2005.07.31"]

1. e4 e5 2. Nf3 Nc6 3. Bb5 a6 4. Ba4 Nf6 5. O-O Be7 6. Re1 b5 7. Bb3 O-O 8. h3
d6 9. c3 Na5 10. Bc2 c5 11. d4 Nc6 12. d5 Na5 13. Nbd2 c4 14. Nf1 Nb7 15. Ng3
Nc5 16. Be3 Qc7 17. Nh2 Rb8 18. Ng4 Nxg4 19. hxg4 Bh4 20. Nf5 Bxf5 21. gxf5
Rbc8 22. g3 Bf6 23. Kg2 g6 24. Rh1 Bg7 25. Qg4 Qe7 26. Qh4 h5 27. g4 Qd8 28.
Bg5 f6 29. Be3 Qe8 30. fxg6 Qxg6 31. Qxh5 Qxh5 32. Rxh5 Na4 33. Bxa4 bxa4 34.
Rah1 Rb8 35. Bc1 Kf7 36. Rh7 Rh8 37. Rxh8 Rxh8 38. Rxh8 Bxh8 39. Kh3 Kg6 40.
Kh4 Bg7 41. f4 Bh6 42. f5+ Kg7 43. g5 fxg5+ 44. Bxg5 Bxg5+ 45. Kxg5 Kf7 46. f6
Kf8 47. Kg6 a5 48. a3 Kg8 49. Kg5 Kf8 50. Kg4 Kg8 51. Kh5 Kf7 52. Kg5 Kf8 53.
Kg6 Kg8 54. f7+ Kf8 55. Kh6 Kxf7 56. Kh7 Kf6 57. Kg8 Kg5 58. Kf7 Kf4 59. Ke6
Kxe4 60. Kxd6 Kf5 61. Kc5 e4 62. d6 e3 63. d7 e2 64. d8=Q e1=Q 65. Qd5+ Kg6 66.
Qg2+ Kh7 67. Qh3+ Kg7 68. Qg4+ Kh7 69. Kxc4 Qf1+ 70. Kd4 Qf6+ 71. Kd3 Qd6+ 72.
Kc2 Qh2+ 73. Kb1 Qh1+ 74. Ka2 Qd5+ 75. c4 Qd3 76. Qh5+ Kg7 77. Qg5+ Kh7 78.
Qh5+ Kg7 79. c5 Qb3+ 80. Ka1 Qe3 81. Qg4+ Kh7 82. Qc4 Qe7 83. Qd3+ Kh6 84. Qh3+
Kg6 85. Qd3+ 1-0

[Event "Mundial Juvenil 2005 s10"]
[Site "Belfort FRA"]
[Date "2005.07.27"]
[Round "8.19"]
[White "Abasov, Nijat Azad"]
[Black "Doros, Radu-Marian"]
[Result "1-0"]
[WhiteElo "2210"]
[BlackElo "1599"]
[PlyCount "57"]
[EventDate "2005.07.19"]
[EventType "swiss"]
[EventRounds "11"]
[EventCountry "FRA"]
[Source "lmi"]
[SourceDate "2005.07.31"]

1. c4 g6 2. Nc3 Bg7 3. g3 Nf6 4. Bg2 O-O 5. d3 c5 6. Nf3 Nc6 7. O-O d6 8. Bd2
Bd7 9. h3 a6 10. Qc1 Qc7 11. Bh6 Rab8 12. a4 Nb4 13. Bxg7 Kxg7 14. a5 Bc6 15.
Nd2 Bxg2 16. Kxg2 Nc6 17. Nd5 Nxd5 18. cxd5 Nb4 19. Qc3+ Kg8 20. e4 f5 21. f4
b5 22. g4 fxg4 23. hxg4 Qd7 24. f5 Rf6 25. Kg3 gxf5 26. gxf5 Kf7 27. Nf3 Rg8+
28. Kf2 Rg7 29. e5 1-0